000 00486nam a2200181Ia 4500
001 18038
005 20260306171601.0
008 260306s9999||||xx |||||||||||||| ||und||
041 _aESP
082 _a658.382
_bC78
100 _aCortés Díaz, José María
_eAUT
245 0 _aSeguridad e higiene del trabajo:
_btécnicas de prevención de riesgos laborales
260 _c2002
300 _a631 páginas :
_c23 cm.
650 _aGEN
654 _aCAN
942 _cLIB
_dJUS
_fJUS
_2ddc
_n
999 _c18038
_d18038